<?xml version="1.0" encoding="UTF-8"?>
<record
    xmlns:xsi="http://www.w3.org/2001/XMLSchema-instance"
    xsi:schemaLocation="http://www.loc.gov/MARC21/slim http://www.loc.gov/standards/marcxml/schema/MARC21slim.xsd"
    xmlns="http://www.loc.gov/MARC21/slim">

  <leader>03938nam a2200313 a 4500</leader>
  <controlfield tag="003">CHAP</controlfield>
  <controlfield tag="005">20230313111655.0</controlfield>
  <controlfield tag="007">ta</controlfield>
  <controlfield tag="008">230313s2016    mx a|||f |||| 001 0 spa d</controlfield>
  <datafield tag="020" ind1=" " ind2=" ">
    <subfield code="a">970-94-051</subfield>
  </datafield>
  <datafield tag="040" ind1=" " ind2=" ">
    <subfield code="a">mxchpua</subfield>
    <subfield code="c">CHAP</subfield>
    <subfield code="e">rda</subfield>
  </datafield>
  <datafield tag="050" ind1="1" ind2="0">
    <subfield code="a">TS195.4</subfield>
    <subfield code="b">.O76 2016</subfield>
  </datafield>
  <datafield tag="082" ind1="0" ind2="0">
    <subfield code="2">20</subfield>
    <subfield code="a">688.8</subfield>
    <subfield code="b">O76 2016</subfield>
  </datafield>
  <datafield tag="100" ind1="1" ind2=" ">
    <subfield code="9">186375</subfield>
    <subfield code="a">Oropeza Herrera, Silvia</subfield>
    <subfield code="e">autora</subfield>
  </datafield>
  <datafield tag="245" ind1="1" ind2="0">
    <subfield code="a">Manual de dise&#xF1;o de envases : </subfield>
    <subfield code="b">consideraciones de dise&#xF1;o / </subfield>
    <subfield code="c">Silvia Oropeza Herrera y Ana Karina S&#xE1;nchez Saucedo</subfield>
  </datafield>
  <datafield tag="250" ind1=" " ind2=" ">
    <subfield code="a">Quinta edici&#xF3;n</subfield>
  </datafield>
  <datafield tag="264" ind1=" " ind2=" ">
    <subfield code="a">M&#xE9;xico :</subfield>
    <subfield code="b">Instituto Mexicano de Profesionales en Envase y Embalaje,</subfield>
    <subfield code="c">2016</subfield>
  </datafield>
  <datafield tag="300" ind1=" " ind2=" ">
    <subfield code="a">134 p&#xE1;ginas :</subfield>
    <subfield code="b">ilustraciones</subfield>
  </datafield>
  <datafield tag="336" ind1=" " ind2=" ">
    <subfield code="2">rdacontent</subfield>
    <subfield code="a">texto</subfield>
    <subfield code="b">txt</subfield>
  </datafield>
  <datafield tag="337" ind1=" " ind2=" ">
    <subfield code="2">rdamedia</subfield>
    <subfield code="a">sin medio</subfield>
    <subfield code="b">n</subfield>
  </datafield>
  <datafield tag="338" ind1=" " ind2=" ">
    <subfield code="2">rdacarrier</subfield>
    <subfield code="a">volumen</subfield>
    <subfield code="b">nc</subfield>
  </datafield>
  <datafield tag="504" ind1=" " ind2=" ">
    <subfield code="a">Bibliograf&#xED;a: p&#xE1;gina 133</subfield>
  </datafield>
  <datafield tag="505" ind1=" " ind2=" ">
    <subfield code="a">Pr&#xF3;logo --

Introducci&#xF3;n --

Cap&#xED;tulo 1. Tipolog&#xED;a --

Definiciones de envase, embalaje, empaque y accesorio --
Tipos de mercado --
Clasificaci&#xF3;n mercadol&#xF3;gica de los productos --
&#xC1;mbito de los envases --

Cap&#xED;tulo 2. Dise&#xF1;o de envase --

Porqu&#xE9; compramos un producto --
Dise&#xF1;o propio --
Redise&#xF1;o --
Dise&#xF1;o gen&#xE9;rico --
Dise&#xF1;o de adecuaciones --
Dise&#xF1;o de familias de envases --

Cap&#xED;tulo 3. Dise&#xF1;o estructural --

Tipos de envases de acuerdo al ciclo de uso --
Tipos de envases de acuerdo a su forma de consumo --

Cap&#xED;tulo 4. Dise&#xF1;o gr&#xE1;fico --

Posibilidades para abordar el dise&#xF1;o de un envase --
Tipos de aplicaci&#xF3;n de imagen gr&#xE1;fica --
&#xBF;Qu&#xE9; informaci&#xF3;n lleva un envase o embalaje? --

Cap&#xED;tulo 5. Envases en papel --

Caracter&#xED;sticas del papel --
Tipos de envase y embalaje en papel --
Dise&#xF1;o estructural de envases en papel --
Dise&#xF1;o gr&#xE1;fico de envases en papel --

Cap&#xED;tulo 6. Envases en cart&#xF3;n --

Caracter&#xED;sticas del cart&#xF3;n --
Tipos y usos para envases de cart&#xF3;n --
Dise&#xF1;o estructural de envases de cart&#xF3;n --
Dise&#xF1;o gr&#xE1;fico de envases de cart&#xF3;n --
Caracter&#xED;sticas del cart&#xF3;n corrugado --
Tipos y usos para envases y embalajes de cart&#xF3;n corrugado --
Dise&#xF1;o estructural de cajas de cart&#xF3;n corrugado --
Dise&#xF1;o gr&#xE1;fico de envases de cart&#xF3;n corrugado --

Cap&#xED;tulo 7. Envases de vidrio --

Caracter&#xED;sticas del vidrio --
Tipos de vidrio para envases --
Dise&#xF1;o estructural en vidrio --
Dise&#xF1;o gr&#xE1;fico de envases de vidrio --

Cap&#xED;tulo 8. Envases met&#xE1;licos --

Tipos de envases met&#xE1;licos --
Dise&#xF1;o estructural de envases met&#xE1;licos --
Dise&#xF1;o gr&#xE1;fico de envases met&#xE1;licos --

Cap&#xED;tulo 9. Envases de pl&#xE1;stico --

Tipos de envases pl&#xE1;sticos --
Dise&#xF1;o estructural de envases pl&#xE1;sticos --
Dise&#xF1;o gr&#xE1;fico de los envases pl&#xE1;sticos --

Cap&#xED;tulo 10. Informaci&#xF3;n de inicio --

Reuni&#xF3;n preparatoria o briefing --
Tipo de informaci&#xF3;n inicial requerida --
Bibliograf&#xED;a</subfield>
  </datafield>
  <datafield tag="520" ind1=" " ind2=" ">
    <subfield code="a">En la actualidad el campo de los envases y embalajes ha crecido en sus dimensiones e importancia como resultado de que el desarrollo comercial a nivel mundial exige de ellos cada d&#xED;a un mayor rendimiento.

En proceso de desarrollo de un envase o embalaje, intervienen diferentes &#xE1;reas de conocimiento, ingenier&#xED;a de alimentos, qu&#xED;mica, ingenier&#xED;a industrial, mercadotecnia, dise&#xF1;o industrial y dise&#xF1;o gr&#xE1;fico, cuya intervenci&#xF3;n se dar&#xE1; dependiendo del tipo de producto a contener, por lo cual se han creado especialistas en envase y embalaje.

Este libro, el primero en M&#xE9;xico en este tema, plantea una serie de trilog&#xED;as que tienen como finalidad agrupar la diversidad de envases y embalajes existentes, proporcionando de cada una de ellas consideraciones de dise&#xF1;o tanto gr&#xE1;fico como industrial, que sirvan a los profesionales interesados como referencia al momento de proyectar y evaluar.</subfield>
  </datafield>
  <datafield tag="650" ind1="1" ind2="3">
    <subfield code="9">37170</subfield>
    <subfield code="a">Envases</subfield>
    <subfield code="x">Dise&#xF1;o</subfield>
  </datafield>
  <datafield tag="650" ind1="1" ind2="3">
    <subfield code="9">160606</subfield>
    <subfield code="a">Containers</subfield>
    <subfield code="x">Design</subfield>
  </datafield>
  <datafield tag="700" ind1="1" ind2=" ">
    <subfield code="9">186376</subfield>
    <subfield code="a">S&#xE1;nchez Saucedo, Ana Karina</subfield>
    <subfield code="e">autora</subfield>
  </datafield>
  <datafield tag="942" ind1=" " ind2=" ">
    <subfield code="2">ddc</subfield>
    <subfield code="c">Libro</subfield>
  </datafield>
  <datafield tag="999" ind1=" " ind2=" ">
    <subfield code="c">218515</subfield>
    <subfield code="d">218515</subfield>
  </datafield>
  <datafield tag="952" ind1=" " ind2=" ">
    <subfield code="0">0</subfield>
    <subfield code="1">0</subfield>
    <subfield code="2">ddc</subfield>
    <subfield code="4">0</subfield>
    <subfield code="5">1</subfield>
    <subfield code="7">0</subfield>
    <subfield code="8">GRAL</subfield>
    <subfield code="a">IA_</subfield>
    <subfield code="b">IA_</subfield>
    <subfield code="d">2022-08-02</subfield>
    <subfield code="e">Compra Carvann Books F. C37</subfield>
    <subfield code="i">Consumo</subfield>
    <subfield code="l">0</subfield>
    <subfield code="o">688.8 O76 2016</subfield>
    <subfield code="p">1102014412</subfield>
    <subfield code="r">2023-03-13 00:00:00</subfield>
    <subfield code="t">Ej. 1</subfield>
    <subfield code="w">2023-03-13</subfield>
    <subfield code="y">LIBRO</subfield>
  </datafield>
</record>
